Funkčný gazdovský dvor s turistickým penziónom

Salvato in:
Dettagli Bibliografici
Autore principale: Laciková, Silvia, 1988- (Autore)
Altri autori: Bauer, Peter, 1947- (Relatore della tesi)
Natura: Manoscritto Libro
Lingua:slovacco
Pubblicazione: Bratislava : STU v Bratislave SvF, 2013
Soggetti:
Accesso online:VAIS
https://opac.crzp.sk/?fn=detailBiblioForm&sid=C919D44823240A532B7DDB2BAD51
Tags: Aggiungi Tag
Nessun Tag, puoi essere il primo ad aggiungerne!!

MARC

LEADER 00000ntm a22000003a 4500
001 stu271795
005 20231025104458.6
008 130720s2013----xo------------------slo-d
040 |a STU  |b slo 
041 0 |a slo 
044 |a xo 
100 1 |a Laciková, Silvia,  |d 1988-  |4 aut  |u V  |T SvF Stavebná fakulta  |X 58616  |U V  |Y 10  |7 A000058616 
242 0 0 |a Functional farmyard with a tourist guest house  |y eng 
245 1 |a Funkčný gazdovský dvor s turistickým penziónom 
260 |a Bratislava :  |b STU v Bratislave SvF,  |c 2013 
650 7 |a penzión  |2 stusub 
650 7 |a agroturistika  |2 stusub 
650 7 |a hospodárstvo  |2 stusub 
700 1 |a Bauer, Peter,  |d 1947-  |4 ths  |u V181  |U SvF Stavebná fakulta  |T SvF Katedra architektúry  |X 37982  |U V181|V310  |Y 19  |7 A000037982 
856 4 |a info a plný text  |u http://is.stuba.sk/zp/portal_zp.pl?podrobnosti=60012  |3 VAIS 
856 4 |a CRZP  |u https://opac.crzp.sk/?fn=detailBiblioForm&sid=C919D44823240A532B7DDB2BAD51